000 00302nam a2200145Ia 4500
100 _aKurose/ Keith W.Ross
942 _cBK
654 _anetworking
245 _aComputer Networking
260 _bPearson Education
_c2003
082 _a4.6
_bKUR
300 _a752
546 _aENGLISH
999 _c28639
_d28639